000 00364nam a2200133Ia 4500
005 20260326235506.0
008 260326s9999||||xx |||||||||||||| ||und||
100 _aJensen, Niels
245 0 _aCycling in denmark :
_b From the past into the future /
_cNiels Jensen
260 _bMinistry of Transport
300 _a35 p.
650 _aDISEÑO INDUSTRIAL
942 _cBK
999 _c8191
_d8191